Κατάλογος Βιβλιοθηκών Mediterranean College

Στρατηγική Διοίκηση Επιχειρήσεων και Αλλαγών / Σημειώσεις στο Μάθημα "Επιχειρησιακή Πολιτική και Στρατηγική". (Record no. 3812)

MARC details
000 -LEADER
fixed length control field 03304cam a22001934a 4500
005 - ΗΜΕΡΟΜΗΝΙΑ ΚΑΙ ΩΡΑ ΤΕΛΕΥΤΑΙΑΣ ΕΝΗΜΕΡΩΣΗΣ
Πεδίο ελέγχου 20250605163413.0
008 - FIXED-LENGTH DATA ELEMENTS--GENERAL INFORMATION
Πεδίο ελέγχου σταθερού μήκους 250528s ||||||||||||||||||||||||d
035 ## - SYSTEM CONTROL NUMBER
System control number 18451
040 ## - ΠΗΓΗ ΚΑΤΑΛΟΓΟΓΡΑΦΗΣΗΣ
Φορέας πρωτότυπης καταλογογράφησης MC Athens Campus Library
Γλώσσα καταλογογράφησης Ελληνικά, Μοντέρνα (1453-)
Modifying agency MC Athens Campus Library
Κανόνες περιγραφικής καταλογογράφησης AACR2
245 1# - ΤΙΤΛΟΣ ΚΑΙ ΔΗΛΩΣΗ ΥΠΕΥΘΥΝΟΤΗΤΑΣ
Τίτλος Στρατηγική Διοίκηση Επιχειρήσεων και Αλλαγών / Σημειώσεις στο Μάθημα "Επιχειρησιακή Πολιτική και Στρατηγική".
260 ## - PUBLICATION, DISTRIBUTION, ETC.
Name of publisher, distributor, etc. Αθήνα,
Date of publication, distribution, etc. 1999
300 ## - PHYSICAL DESCRIPTION
Extent 198
505 0# - FORMATTED CONTENTS NOTE
Formatted contents note Η Στρατηγική Διοίκηση Επιχειρήσεων και Αλλαγών, Υπάρχει Ανάγκη Στρατηγικής Διοίκησης και Στρατηγικών Προγραμμάτων;, Παραδείγματα και τα Ερωτήματα τα οποία Γεννώνται, Στρατηγικά Προγράμματα για Επιχειρήσεις αλλά και για αλλαγές Γενικότερα, Η Συλλογή και Επεξεργασία Στοιχείων και Δεδομένων και η Γνώση της Πραγματικότητας, Ο Κλάδος και το Διεθνές Περιβάλλον, Το Εσωτερικό Περιβάλλον των Επιχειρήσεων ή των Αλλαγών, Ένα πλαίσιο για την Ανάπτυξη Στρατηγικής Διοίκησης και Στρατηγικών Προγραμμάτων, Περαιτέρω Παραδείγματα και τα Ερωτήματα που Γεννώνται, Τρόποι Ανάπτυξης Στρατηγικών Προγραμμάτων, Η Στρατηγική Διοίκηση ως μία Συνεχής Διαδικασία και Διαρκής Ενημέρωση και Μεταβολές, Επίλογος, Παράρτημα, Σχήματα, Βιβλιογραφία.
520 ## - SUMMARY, ETC.
Summary, etc. Η Στρατηγική Διοίκηση Επιχειρήσεων και Αλλαγών, Υπάρχει Ανάγκη Στρατηγικής Διοίκησης και Στρατηγικών Προγραμμάτων;, Παραδείγματα και τα Ερωτήματα τα οποία Γεννώνται, Στρατηγικά Προγράμματα για Επιχειρήσεις αλλά και για αλλαγές Γενικότερα, Η Συλλογή και Επεξεργασία Στοιχείων και Δεδομένων και η Γνώση της Πραγματικότητας, Ο Κλάδος και το Διεθνές Περιβάλλον, Το Εσωτερικό Περιβάλλον των Επιχειρήσεων ή των Αλλαγών, Ένα πλαίσιο για την Ανάπτυξη Στρατηγικής Διοίκησης και Στρατηγικών Προγραμμάτων, Περαιτέρω Παραδείγματα και τα Ερωτήματα που Γεννώνται, Τρόποι Ανάπτυξης Στρατηγικών Προγραμμάτων, Η Στρατηγική Διοίκηση ως μία Συνεχής Διαδικασία και Διαρκής Ενημέρωση και Μεταβολές, Επίλογος, Παράρτημα, Σχήματα, Βιβλιογραφία.
700 1# - ΠΡΟΣΘΕΤΗ ΑΝΑΓΡΑΦΗ--ΦΥΣΙΚΟ ΠΡΟΣΩΠΟ
Personal name Παπούλιας Δημήτρης Β
942 ## - ADDED ENTRY ELEMENTS (KOHA)
Koha item type Books
Holdings
Τύπος τεκμηρίου Βιβλιοθήκη Τρέχουσα τοποθεσία Barcode Αριθμός εισαγωγής Ημερομηνία απόκτησης Ταξιθετικό σύμβολο Αριθμός αντιτύπου Κατάσταση απόσυρσης Κατάσταση χαμένου Κατάσταση κατεστραμμένου Μη δανεισμός Σύνολο δανεισμών Ημερομηνία τελευταίας εμφάνισης Η τιμή ισχύει από
Books MC Athens Campus Library MC Athens Campus Library 9780000038111 3142 05/06/2025 658.4012 PAP 1           05/06/2025 05/06/2025

MC Athens Campus Library
Πατησίων 94 & Κοδριγκτώνος 13, 104 34
Πελλήνης 8 & Πατησίων 107, 112 51
Τ: +30 210 8899600

MC Thessaloniki Campus Library
Ίωνος Δραγούμη 21, 54625 | Ίωνος Δραγούμη 15, 54625
Τ: +30 2310 287779 – Τ: +30 2314 440300